000 00233nam a22000857a 4500
008 160915b xxu||||| |||| 00| 0 eng d
100 _9538
_aGupta.S.K.
245 _aComposide Mathematics-8
260 _aNew Delhi
_bS. Chand Publications
_c2011
999 _c3195
_d3195